Responses for Show #2997 - Tuesday, September 16, 1997

Pam Mifflin game 3.

Contestants

[<< previous game]

John Carroll, an international security consultant from Chattanooga, Tennessee

Lisa Doak, an accountant from Chicago, Illinois

Pam Mifflin, a computer trainer from Brookfield, Wisconsin (whose 2-day cash winnings total $39,900)

[next game >>]

Jeopardy! Round responses

FAMOUS MOUNTS
(Alex: Referring to horses, of course.)
"STICK"S & "STONE"S
NAME CALLING
SCIENCE
ETIQUETTE
UNUSUAL TV CHARACTERS
    $100 1
Silver

Lisa
    $100 17
To the grindstone

Pam
    $100 6
Dennis

Pam
    $100 28
Chlorophyll

John
    $100 9
(L: What is a garnet?)
(Alex: Gotta move up to a ruby!)

Ruby

PamLisa
    $100 16
Angel

John
    $200 2
Roy Rogers

Lisa
    $200 18
Slapstick

Pam
    $200 7
Helen (Keller)

Pam
    $200 29
Luther Burbank

Lisa
    $200 10
Ms.

John
    $200 20
Barbara Eden

John
    $300 3
Duke of Wellington & Napoleon

Pam
    $300 19
Pogo sticks

John
    $300 8
Einstein

John
    $300 26
Ion

Triple Stumper
    $300 11
Handshake

John
    $300 21
Maximillion

Pam
    $400 4
El Cid

John
    $400 24
Brimstone

Lisa
    $400 12
J.D. Salinger

John
    $400 27
Asteroid

John
    $400 14
Napkin

Lisa
    $400 22
"Weird Science"

Triple Stumper
    $500 5
Richard III

John
    $500 25
(we have less than a minute to deal with Science...)

The Rosetta Stone

Lisa
    $500 13
Mario

Pam
    $1,700 30
Linus Pauling

Lisa
    $500 15
Eminence

Pam
    $500 23
(John: What is a ghost?)
(Pam: What is a vampire?)

Witch

PamJohn
Triple Stumper

Scores at the first commercial break (after clue 14):

Pam Lisa John
$1,200 $600 $2,100

Scores at the end of the Jeopardy! Round:

Pam Lisa John
$1,800 $3,400 $2,700

Double Jeopardy! Round responses

FAMOUS MOUNTS
(Alex: Refers to mountains.)
FOOD
HISTORY
ONE-HIT WONDERS
GOD-LIKE ADJECTIVES
WRITERS NAMED WILLIAM
    $200 6
Mount Rushmore

Pam
    $200 11
Ham

Lisa
    $200 19
Suez Canal

Lisa
    $200 23
(John: What is [*]... [*]?)
(Alex: [Jokingly] Left out one, there was a third!)

wo

John
    $200 1
(Pam: Who is Hermes?)

Mercurial

PamJohn
    $200 14
William Shakespeare

John
    $400 7
Mount Fuji

Pam
    $400 12
Corn & lima beans

Lisa
    $400 20
Aztecs

Pam
    $400 27
"Convoy"

Pam
    $400 2
Erotic

Lisa
    $400 15
William Faulkner

John
    $600 8
(Pam: What is Mount Sinai?)

Mount Ararat

PamLisa
    $600 13
Meatballs

John
    $600 21
The Spanish Armada

John
    $600 28
[The end-of-round signal sounds.]
(Alex: We have two clues left and they're going to remain hidden.)

Barry McGuire

Triple Stumper
    $600 3
Herculean

Pam
    $600 16
William Peter Blatty

Pam
    $2,000 9
Mount Rainier

Lisa
    $800 22
(John: What is England?)

Greece

John
Triple Stumper
    $3,000 26
(Pam: I can't remember.)

Zager & Evans

Pam
    $800 4
Jupiter

Pam
    $800 17
William Safire

Pam
    $1000 10
Mount Pinatubo

Lisa
    $1000 24
(Alex: And we have less than a minute to go in the round.)

Maastricht

John
    $1000 25
The Penguins

Pam
    $1000 5
Vestal

John
    $1000 18
William Styron

John

Scores at the end of the Double Jeopardy! Round:

Pam Lisa John
$3,200 $8,200 $7,100

[wagering suggestions for these scores]

Final Jeopardy! Round responses

NEW ENGLAND COLONISTS
(Alex: Think back, contestants--think way, way back!)
(Alex: Pam, did you write down anything? "Who was Hi Mom!" Well, write down "Goodbye, Mom" cause it's going to be goodbye!)
...
(Alex: [Revealing John's wager] Well, who knows, it might work out.)
...
(Alex: [Revealing Lisa's wager] ...and it is not goodbye! Pam gets to play again!)
PamWho was Hi Mom!
$800
JohnWho was Bradford?
$7,100
LisaWho was J. Smith?
$6,001
Miles Standish

Final scores:

Pam Lisa John
$2,400 $2,199 $0
3-day champion: $42,300 2nd place: Trip to Costa Rica 3rd place: Daniel Mink Bolero Watches

Game dynamics:

Coryat scores:

Pam Lisa John
$6,200 $5,800 $7,100
18 R,
4 W
(including 1 DD)
14 R
(including 2 DDs),
1 W
20 R,
2 W

Combined Coryat: $19,100

[game clues] [game scores] [suggest correction]

Game tape date: Unknown
The J! Archive is created by fans, for fans. Scraping, republication, monetization, and malicious use prohibited; this site may use cookies and collect identifying information. See terms. The Jeopardy! game show and all elements thereof, including but not limited to copyright and trademark thereto, are the property of Jeopardy Productions, Inc. and are protected under law. This website is not affiliated with, sponsored by, or operated by Jeopardy Productions, Inc. Join the discussion at JBoard.tv.